Loreto College Library, Kolkata
WEBOPAC (ONLINE PUBLIC ACCESS CATALOGUE)

My journey (Record no. 43744)

MARC details
000 -LEADER
fixed length control field 00558nam a22002057a 4500
005 - DATE AND TIME OF LATEST TRANSACTION
control field 20240627111326.0
008 - FIXED-LENGTH DATA ELEMENTS--GENERAL INFORMATION
fixed length control field 240506b |||||||| |||| 00| 0 eng d
020 ## - ISBN | অাই এস বি এন
ISBN | অাই এস বি এন 9788129124913
PRICE Rs.195.00
040 ## - CATALOGING SOURCE
Original cataloging agency Loreto College
041 ## - LANGUAGE CODE
Language code English
082 ## - DDC | ডিউই
Classification number | বর্গসংখ্যা 920
Book Number | গ্রন্থাঙ্ক KAL
100 ## - MAIN ENTRY--PERSONAL NAME | মুখ্য সংলেখ - ব্যাক্তিনাম
Personal name | ব্যাক্তিনাম Kalam, A.P.J
245 ## - TITLE STATEMENT | অাখ্যা বিবরণী
Title | অাখ্যা My journey
Sub title | উপঅাখ্যা Transforming dreams into actions
Statement of responsibility | লেখকের দায়িত্বের বিবরণ A.P.J Abdul Kalam
260 ## - IMPRINT | প্রকাশনা ক্ষেত্র
Place of publication | প্রকাশ স্থান New Delhi
Name of publisher | প্রকাশকের নাম Rupa
Date of publication | প্রকাশ কাল 2021
300 ## - PHYSICAL DESCRIPTION |
Page / Vol. No | পৃষ্ঠা / খন্ড সংখ্যা 147p.
Other physical details | অনান্য বাহ্যিক বিবরণ 20cm.
500 ## - GENERAL NOTE | সাধারণ টীকা
General note | সাধারণ টীকা Siksha Ratna Award 2017
650 ## - SUBJECT ADDED ENTRY--TOPICAL TERM | বিষয় শিরোনাম - মূল বিষয়
Topical term | মূল বিষয় Kalam, A.P.J-Autobiography
850 ## - HOLDING INSTITUTION
Holding institution LCLIB
942 ## - ADDED ENTRY ELEMENTS (KOHA)
Koha item type Books
Holdings
Withdrawn status Lost status Source of classification Damaged status Not for loan Home library Current library Date acquired Price Total Checkouts Full call number Accession No. Date last seen Price effective from Koha item type Coded location qualifier
    Dewey Decimal Classification     Loreto College Loreto College 06/05/2024 195.00   920 KAL 47875 06/05/2024 06/05/2024 Books